Statistiken für Allgemeinwissen - Kachelauswahl

Klicken Sie hier um das Quiz zu spielen!

Allgemein

  • Dieses Quiz wurde 7.584 mal gespielt
  • Das Durchschnittsergebnis liegt bei 55 aus 72

Antwortstatistiken

FrageKachelSelect% Korrekt
Elemente des Periodensystems ausStickstoffJa
96%
Elemente des Periodensystems ausGoldJa
95%
Maßeinheiten aus, die kleiner als ein Meter sindKilometerNein
95%
französischen Wörter ausBrotNein
94%
Maßeinheiten aus, die kleiner als ein Meter sindGigameterNein
94%
französischen Wörter ausHausNein
94%
Maßeinheiten aus, die kleiner als ein Meter sindHektometerNein
93%
Städte Europas ausParisJa
93%
französischen Wörter ausPequeñoNein
93%
Maßeinheiten aus, die kleiner als ein Meter sindZentimeterJa
93%
Städte Europas ausDuschanbeNein
92%
Städte Europas ausKenitraNein
92%
Maßeinheiten aus, die kleiner als ein Meter sindMikrometerJa
92%
französischen Wörter ausNamasteNein
92%
Maßeinheiten aus, die kleiner als ein Meter sindTerameterNein
92%
Städte Europas ausAnnabaNein
90%
Elemente des Periodensystems ausBorJa
90%
französischen Wörter ausEstudiarNein
90%
Maßeinheiten aus, die kleiner als ein Meter sindNanometerJa
90%
Städte Europas ausAsmaraNein
89%
Maßeinheiten aus, die kleiner als ein Meter sindDezimeterJa
89%
französischen Wörter ausRougeJa
89%
Primzahlen aus14Nein
88%
Elemente des Periodensystems ausGranitNein
88%
französischen Wörter ausJourJa
88%
Elemente des Periodensystems ausStahlNein
88%
Länder aus, deren Hauptstädte mit dem Buchstaben B beginnenKanadaNein
87%
Städte Europas ausRigaJa
87%
Städte Europas ausTäbrisNein
87%
Länder aus, deren Hauptstädte mit dem Buchstaben B beginnenUkraineNein
86%
Primzahlen aus65Nein
85%
französischen Wörter ausFemmeJa
85%
Elemente des Periodensystems ausQuarzNein
85%
Elemente des Periodensystems ausZinnJa
85%
Primzahlen aus7Ja
84%
französischen Wörter ausGatoNein
84%
Städte Europas ausRecifeNein
84%
Länder aus, deren Hauptstädte mit dem Buchstaben B beginnenKubaNein
83%
Primzahlen aus9Nein
82%
Städte Europas ausDanzigJa
82%
Primzahlen aus27Nein
80%
Länder aus, deren Hauptstädte mit dem Buchstaben B beginnenLibyenNein
80%
Länder aus, deren Hauptstädte mit dem Buchstaben B beginnenVenezuelaNein
79%
Primzahlen aus19Ja
78%
französischen Wörter ausAdieuJa
78%
Primzahlen aus37Ja
77%
Elemente des Periodensystems ausMessingNein
77%
Maßeinheiten aus, die kleiner als ein Meter sindZettameterNein
77%
Primzahlen aus0Nein
76%
Primzahlen aus121Nein
76%
französischen Wörter ausGarçonJa
72%
Länder aus, deren Hauptstädte mit dem Buchstaben B beginnenTadschikistanNein
72%
Primzahlen aus103Ja
69%
Maßeinheiten aus, die kleiner als ein Meter sindPikometerJa
68%
Länder aus, deren Hauptstädte mit dem Buchstaben B beginnenArgentinienJa
67%
Elemente des Periodensystems ausKanadiumNein
67%
Länder aus, deren Hauptstädte mit dem Buchstaben B beginnenThailandJa
65%
Städte Europas ausOdessaJa
63%
französischen Wörter ausChienJa
62%
Primzahlen aus2Ja
60%
Elemente des Periodensystems ausYttriumJa
60%
Primzahlen aus89Ja
56%
Städte Europas ausAberdeenJa
54%
Elemente des Periodensystems ausChloridNein
54%
Länder aus, deren Hauptstädte mit dem Buchstaben B beginnenKolumbienJa
52%
Elemente des Periodensystems ausKryptonJa
50%
Länder aus, deren Hauptstädte mit dem Buchstaben B beginnenLibanonJa
50%
Länder aus, deren Hauptstädte mit dem Buchstaben B beginnenBruneiJa
36%
Maßeinheiten aus, die kleiner als ein Meter sindFemtometerJa
35%
Länder aus, deren Hauptstädte mit dem Buchstaben B beginnenMaliJa
28%
Städte Europas ausBariJa
27%
Maßeinheiten aus, die kleiner als ein Meter sindZeptometerJa
21%

Verteilung der Resultate

Perzentil nach korrekt beantworteten Fragen

Anzahl Personen mit jedem Resultat

Ihre Resultats-Entwicklung

Sie haben dieses Quiz noch nicht gespielt